000
00259nam a2200097Ia 4500
001
1250100
005
20251031150849.0
008
251031s9999 xx 000 0 und d
245
0
_c
MEG MCKİNLAYMATT OTTLEY
_a
W-11 BİR KUŞ YAPACAK OLSAN
260
_b
HEP KİTAP
999
_c
1250100
_d
1250100